000
00328nam a22001337a 4500
008
250411b |||||||| |||| 00| 0 eng d
020
_a
013028705901
050
_a
JF1351
_b
.L88
100
_a
LUTRIN Carl
245
_a
American Public Administration
260
_a
USA.
_b
Wanda Lubalska
_c
1976
300
_a
xii, 516p.
942
_c
BK
999
_c
2930
_d
2930